La orilla distante /
Guardado en:
| Autor Principal: | |
|---|---|
| Formato: | Libro |
| Publicado: |
Argentina :
Jackson,
1953
|
| Etiquetas: |
Agregar Etiqueta
Sin Etiquetas, Sea el primero en etiquetar este registro!
|
| LEADER | 00401nam a22001455a 4500 | ||
|---|---|---|---|
| 001 | CEM.cems003163 | ||
| 005 | 19000101000000.0 | ||
| 008 | 130507s1953##################000#0#####d | ||
| 003 | CEMS | ||
| 082 | 0 | 4 | |a 839.31 |
| 100 | 1 | |a Hartog, Jan de | |
| 245 | 1 | 0 | |a La orilla distante / |c Jan de Hartog |
| 260 | |a Argentina : |b Jackson, |c 1953 | ||
| 300 | |a 374 p.1 | ||
| 859 | |a CEMS |b BIB. CEMS - 11 de abril |h 839.31 |i H256 |p 4664.75 |t Ej.1 | ||
